Evaluación y comparación de la eficiencia del trabajo de clasificación y embalado en cuatro plantas que empacan peras y manzanas /

Guardado en:
Autor Principal: Martínez, Juan Manuel.
Autor Corporativo: Universidad Nacional del Sur. Departamento de Agronomía.
Otros Autores: Marinangeli, Pablo Alejandro, (tutor.)
Formato: Libro
Idioma:Undetermined
Publicado: Bahía Blanca, 2014.
Etiquetas: Agregar Etiqueta
Sin Etiquetas, Sea el primero en etiquetar este registro!
LEADER 00783nam a22001695a 4500
001 EEA.libagro010213
005 20181203080858.0
008 141027s2014####ag############000#0#und#d
082 0 4 |a 634.1 
100 1 |a Martínez, Juan Manuel. 
245 1 0 |a Evaluación y comparación de la eficiencia del trabajo de clasificación y embalado en cuatro plantas que empacan peras y manzanas /  |c Juan Manuel Martínez. 
260 |a Bahía Blanca,  |c 2014. 
300 |a 27 h. :  |b il. col. ;  |c 30 cm. 
500 |a Trabajo de intensificación (Ingeniero Agrónomo) -- Universidad Nacional del Sur. Departamento de Agronomía, 2014. 
700 1 |a Marinangeli, Pablo Alejandro,  |e tutor. 
710 2 |a Universidad Nacional del Sur.  |b Departamento de Agronomía. 
859 |a AR-BbBCA  |b BIB. AGRONOMIA  |h 634.1  |i M385  |p 2014/6459